000
00325nam a2200133Ia 4500
008
220204s9999 xx 000 0 und d
082
_a
575
_b
ADV.08
245
0
_a
Advances in genetics. V 08
260
_a
New York
_b
Academic
_c
1956
650
_a
Genetics
650
_a
Mutation
650
_a
Tomato cytogenetics
942
_c
BK
999
_c
21394
_d
21394